| 000 | 01175nam a2200253 a 4500 | ||
|---|---|---|---|
| 001 | 83546 | ||
| 003 | BD-RjUL | ||
| 005 | 20240421113258.0 | ||
| 008 | 240421s2008 bg a|||| |||| 00| 0 eng d | ||
| 035 | _a(BD-RjUL)83546 | ||
| 040 |
_aBD-RjUL _beng _cBD-RjUL _dBD-RjUL |
||
| 041 | _aeng | ||
| 082 |
_223 _a541.2242 _bISS 2008 |
||
| 100 |
_aIslam, Md. Ai-Amin-Al-Azadul _912637 |
||
| 245 | 1 | 0 |
_aSynthesis and Characterization of Liquid Type Complexes of Ni(11), Cu(11), Co(11), Zu(11), Cd (11), and Pd(11), Ions Containing Long Chain Ligands Having N,O and N, S Donor Atoms / _cBy Md. Ai-Amin-Al-Azadul Islam ; _6Supervisor : Md. Belayet Hossain Howlader, Co-Supervisor : Md. Tofazzal Hossain Tarafder |
| 260 |
_aRajshahi : _bDepartment of Chemistry, University of Rajshahi, _c2008 |
||
| 300 |
_a[9],134 Leaves : _bill, ; _c29 cm. |
||
| 502 | _aThesis (M. Phil.) -- Department of Chemistry, University of Rajshahi, 2008 | ||
| 504 | _aReferences : Leaves 90-98 | ||
| 650 |
_aPhysical Chemistry _vCoordination Chemistry _912616 |
||
| 700 |
_aHowlader, Md. Belayet Hossain, Supervisor _95321 |
||
| 700 |
_aTarafder, Md. Tofazzal Hossain, Co-Supervisor _912638 |
||
| 942 |
_2ddc _cTHE |
||
| 999 |
_c83546 _d83546 |
||